| 000 | 00973 a2200229 4500 | ||
|---|---|---|---|
| 005 | 20260401163939.0 | ||
| 008 | 260401b |||||||| |||| 00| 0 eng d | ||
| 020 | _a9789348309969 (hbk) | ||
| 037 | _cTB | ||
| 040 |
_aCRL _cCRL |
||
| 041 |
_2hin _ahin |
||
| 084 |
_aV2.C 152R5 _qCRL |
||
| 100 |
_aकुमार, गिरिराज _9822192 |
||
| 245 |
_aभारतीय पुराकाल: _bप्रकृति, आत्मा, और महत्व |
||
| 260 |
_aनई दिल्ली, भारत: _bरिसर्च इंडिया प्रेस, _c2025. |
||
| 300 | _a275पृ. | ||
| 365 |
_b5750.00 _cINR |
||
| 650 |
_aभारतीय इतिहास _9811968 |
||
| 650 |
_aपुराकाल _91234045 |
||
| 942 |
_cTB _2CC _hV2.C 152R5 |
||
| 999 |
_c1435969 _d1435969 |
||